006910000a22002650004500500002600000650001400026650001000040650001700050650001600067650001500083650001600098651001000114651001100124650001700135082002200152518001300174530000800187100002300195245008400218260002100302502006900323260000900392300001600401041000800417 aBibliography: p.74-78 aFertility aWomen aMuslim women aCommunities aBirth rate aRural women aNepal aGorkha aMuslim women a304.632bSi42fcD a20050627 aDis aSimkhada, Daya Ram aFertility behaviour of Muslim women in hilly region of Nepal; a study of Gorkha aKathmandu, Nepal aDissertationbDegree in Population Studies, Tribhuvan University c2000 a78p.billus aEng